Ive mvs - Statistics

General Stats
  • This quiz has been taken 50 times
    7 since last reset
  • The average score is 16 of 17
Answer Stats
Picture Answer % Correct
Accendio
100%
After Like
100%
Attitude
100%
Baddie
100%
Bang Bang
100%
Eleven
100%
Heya
100%
I am
100%
Love Dive
100%
Rebel Heart
100%
XOXZ
100%
Blackhole
86%
Either Way
86%
Kitsch
86%
Off the Record
86%
All Night
71%
Wave
71%
No matching quizzes found
Score Distribution
Percent of People with Each Score
Percentile by Number Answered
Your Score History
You have not taken this quiz since the last reset